Process plant simulation / (Record no. 33236)
[ view plain ]
| 000 -LEADER | |
|---|---|
| fixed length control field | 01157cam a2200289 a 4500 |
| 005 - DATE AND TIME OF LATEST TRANSACTION | |
| control field | 20230811103549.0 |
| 008 - FIXED-LENGTH DATA ELEMENTS--GENERAL INFORMATION | |
| fixed length control field | 050318s2004 ii a b 001 0 eng d |
| 010 ## - LIBRARY OF CONGRESS CONTROL NUMBER | |
| LC control number | 2005272361 |
| 020 ## - INTERNATIONAL STANDARD BOOK NUMBER | |
| ISBN | 0195668057 (pbk.) |
| 035 ## - SYSTEM CONTROL NUMBER | |
| System control number | (OCoLC)ocm55122518 |
| 040 ## - CATALOGING SOURCE | |
| Original cataloging agency | EQO |
| Transcribing agency | EQO |
| Modifying agency | OCLCQ |
| -- | VPI |
| -- | DLC |
| 042 ## - AUTHENTICATION CODE | |
| Authentication code | lccopycat |
| 082 00 - DEWEY DECIMAL CLASSIFICATION NUMBER | |
| Classification number | 660.2800 |
| Edition number | 22 |
| Item number | BAB-P |
| 100 1# - MAIN ENTRY--AUTHOR | |
| Author Name | Babu, B. V. |
| 245 10 - TITLE STATEMENT | |
| Title | Process plant simulation / |
| Statement of responsibility, etc. | B.V. Babu. |
| 260 ## - PUBLICATION, DISTRIBUTION, ETC. | |
| Place of Publication | New Delhi, India ; |
| -- | New York : |
| Name of publisher, distributor, etc. | Oxford University Press, |
| Date of publication, distribution, etc. | 2004. |
| 300 ## - PHYSICAL DESCRIPTION | |
| Pages | xiii, 542 p. : |
| 500 ## - GENERAL NOTE | |
| General note | CD-ROM containing program codes and related userful information. |
| 504 ## - BIBLIOGRAPHY, ETC. NOTE | |
| Bibliography, etc. note | Includes bibliographical references (p. [520]-531) and index. |
| 650 #0 - SUBJECT ADDED ENTRY--TOPICAL TERM | |
| Subject / Department | Chemical processes |
| General subdivision | Mathematical models. |
| 650 #0 - SUBJECT ADDED ENTRY--TOPICAL TERM | |
| Subject / Department | Chemical processes |
| General subdivision | Computer simulation. |
| 650 #0 - SUBJECT ADDED ENTRY--TOPICAL TERM | |
| Subject / Department | Mathematical optimization. |
| 300 ## - PHYSICAL DESCRIPTION | |
| -- | ill. ; |
| -- | 25 cm. + |
| 856 42 - | |
| -- | Publisher description |
| -- | http://www.loc.gov/catdir/enhancements/fy0626/2005272361-d.html |
| 906 ## - LOCAL DATA ELEMENT F, LDF (RLIN) | |
| a | 7 |
| b | cbc |
| c | copycat |
| d | 2 |
| e | ncip |
| f | 20 |
| g | y-gencatlg |
| 952 ## - LOCATION AND ITEM INFORMATION (KOHA) | |
| -- | 0 |
| -- | 0 |
| Lost status | Damaged status | Collection code | Permanent Location | Current Location | Shelving Location | Date acquired | Full Call Number | Accession No./Barcode | Date last seen | item type | Koha item type |
|---|---|---|---|---|---|---|---|---|---|---|---|
| CS/IT | Superior Information Resource Center (SIRC) Superior University- Gold Campus | Superior Information Resource Center (SIRC) Superior University- Gold Campus | MISC | 08/11/2023 | 660.2800 BAB-P 2004 | 19612 | 08/11/2023 | BOOK | BOOK |
